Missing Word: Science Fiction A-Z Quiz Stats

Quiz Updated Apr 2, 2015

Challenge
Share
Tweet
Embed
Score 0/24 Timer 03:00
1 Play Today
Hint Answer % Correct
The Hunger ____ - CollinsGames
97.5%
____ to the Center of the Earth - VerneJourney
96.7%
Twenty Thousand Leagues ____ the Sea - VerneUnder
96.6%
Jurassic ____ - CrichtonPark
96.4%
____ New World - HuxleyBrave
95.4%
The ____ Machine - WellsTime
94.7%
The ____'s Guide to the Galaxy - AdamsHitchhiker
93.3%
2001: A Space ____ - ClarkeOdyssey
87.1%
I, ____ - AsimovRobot
81.1%
____ in a Strange Land - HeinleinStranger
78.9%
The Snow ____ - VingeQueen
74.5%
____ 451 - BradburyFahrenheit
74.3%
Hint Answer % Correct
____'s Game - CardEnder
71%
The ____ Man - WellsInvisible
70.4%
A ____ in Time - L'EngleWrinkle
66.4%
I Am ____ - MathesonLegend
61.5%
Do ____ Dream of Electric Sheep? - DickAndroids
60.5%
____ - HerbertDune
48.1%
The ____ is a Harsh Mistress - HeinleinMoon
37.4%
The ____ of the Quiet Sun - TuckerYear
35.5%
Count ____ - GibsonZero
17.8%
Snow ____ - StephensonCrash
12.7%
____ - GibsonNeuromancer
12.7%
____ - CardXenocide
8.3%

Today's Daily Dose

You're not logged in!

Compare scores with friends on all Sporcle quizzes.
Sign Up with Email
OR
Log In

You Might Also Like...

Show Comments

Extras

Top Quizzes Today


Score Distribution

Your Account Isn't Verified!

In order to create a playlist on Sporcle, you need to verify the email address you used during registration. Go to your Sporcle Settings to finish the process.